000
00474nam a2200181Ia 4500
008
090124s9999 xx 000 0 und d
082
_b
14813
100
_a
भावे पु. भा.
245
_a
थंडी
250
_a
2
260
_b
मेनका प्रकाशन
_c
1980
300
_a
108
600
_a
भावे पु. भा.
630
_a
थंडी
700
_a
भावे पु. भा.
730
_a
थंडी
942
_c
BOOK
999
_c
88057
_d
88057